| 000 | 00828 a2200205 4500 | ||
|---|---|---|---|
| 003 | UA-OsUOA | ||
| 005 | 20240515104450.0 | ||
| 008 | 240515b un ||||| |||| 00| 0 ukr d | ||
| 040 |
_beng _cUA-OsUOA |
||
| 080 | _a004.056 | ||
| 090 |
_a004.056 _bA43 |
||
| 110 |
_aOstroh Academy National University _92693 |
||
| 245 |
_aCourse "Activism in Cyberspace as a Hybrid Threats Counter" _bdidactic materials _cSergey Ishchuk, Tatiana Sidoruk, Dmytro Shevchuk, Olena Shershnyova, Kateryna Yakunina |
||
| 260 |
_aOstrog _bОА _c2024 |
||
| 300 | _a92 p. | ||
| 650 |
_a004.056 Якість систем і програмного забезпечення _92694 |
||
| 942 |
_cBK _2udc |
||
| 955 | _a1 | ||
| 999 |
_c576349 _d576349 |
||